Vízia 2000 M Somoru dnes slávnostne inaugurovali do funkcie rektora Technickej univerzity

Bibliographic Details
Main Author: pit (Author)
Corporate Author: Technická univerzita v Košiciach (Author)
Format: Article
Language:Slovak
Subjects:

MARC

LEADER 00000nab a2200000 a 4500
001 vtls000896444
003 SK-MaSNL
005 20260304183200.0
008 040720e19971106xo 0 slo
035 |a KE5469 
040 |a KEVKJB  |b slo  |c KEVKJB  |e AACR2 
041 0 |a slo 
044 |a xo  |c SK 
080 |a 378.662  |2 1981 
080 |a 929  |2 1981 
100 0 |a pit  |4 aut  |9 877320 
245 1 0 |a Vízia 2000  |b M Somoru dnes slávnostne inaugurovali do funkcie rektora Technickej univerzity 
590 |a Somora, Miloš  |b rektor 
600 1 7 |a Somora, Miloš,  |d 1947-  |2 KEVKJB  |9 110420 
610 2 7 |a Technická univerzita v Košiciach  |2 KEVKJB  |9 172333 
650 0 7 |a inaugurácia   |2 KEVKJB  |9 29877 
650 0 7 |a informácie  |2 KEVKJB  |9 1285 
651 7 |a Košice (Slovensko)  |2 KEVKJB  |9 18694 
651 7 |a KE,  |2 KEVKJB  |9 877256 
651 7 |a KE,  |2 KEVKJB  |9 877256 
655 7 |a periodikum  |2 snkbucl  |9 29553 
710 2 |a Technická univerzita v Košiciach  |4 aut  |9 172333 
773 0 8 |t Košický večer  |g Roč. 8  |g Roč. 29, č.215, 6.11.1997, s. 1,2 
852 |a ZVYKNI  |b KIS3GCP 
999 |c 3033619  |d 3035549